Đặc điểm bãi bồi ngã ba sông Việt Trì - Phú Thọ, ảnh hưởng của nó đến đời sống sản xuất của vùng.
Cơ sở lý luận và thực tiễn của vấn đề nghiên cứu. Đặc điểm bãi bồi ngã ba sông Việt Trì - Phú Thọ. Ảnh hưởng của bãi bồi ngã ba sông đối với đời sống sản xuất.
Bewaard in:
| Hoofdauteur: | |
|---|---|
| Andere auteurs: | |
| Formaat: | Boek |
| Taal: | Vietnamese |
| Gepubliceerd in: |
Đà Nẵng
Đại học Đà Nẵng
2011
|
| Reeks: | Khóa luận tốt nghiệp khoa Địa lý. Lớp 07 CDL
|
| Onderwerpen: | |
| Tags: |
Voeg label toe
Geen labels, Wees de eerste die dit record labelt!
|
| Thư viện lưu trữ: | Mạng thư viện Đại học Đà Nẵng |
|---|
| LEADER | 01608nam a2200373 4500 | ||
|---|---|---|---|
| 001 | 000011877 | ||
| 003 | 8156 | ||
| 005 | 20120228080250.0 | ||
| 008 | 120213s2011 viesd | ||
| 041 | |a vie | ||
| 072 | |a Khóa luận tốt nghiệp | ||
| 082 | |a 551.45 |b NG-L | ||
| 100 | |a Nguyễn, Thị Loan |e Tác giả | ||
| 245 | |a Đặc điểm bãi bồi ngã ba sông Việt Trì - Phú Thọ, ảnh hưởng của nó đến đời sống sản xuất của vùng. |c Nguyễn Thị Loan | ||
| 260 | |a Đà Nẵng |b Đại học Đà Nẵng |c 2011 | ||
| 300 | |a 67 tr. |c 29 cm | ||
| 490 | |a Khóa luận tốt nghiệp khoa Địa lý. Lớp 07 CDL | ||
| 520 | |a Cơ sở lý luận và thực tiễn của vấn đề nghiên cứu. Đặc điểm bãi bồi ngã ba sông Việt Trì - Phú Thọ. Ảnh hưởng của bãi bồi ngã ba sông đối với đời sống sản xuất. | ||
| 653 | |a Đặc điểm | ||
| 653 | |a Bãi bồi | ||
| 653 | |a Ngã ba Sông | ||
| 653 | |a Ảnh hưởng đời sống sản xuất | ||
| 653 | |a Việt Trì - Phú Thọ | ||
| 700 | |a Đậu Thị Hòa |c T.S |e Hướng dẫn | ||
| OWN | |a LSP | ||
| AVA | |a UDN50 |b LSP |d 551.45 NG-L |e available |t Error 5001 Not defined in file expand_doc_bib_avail. |f 1 |g 0 |h N |i 0 |k 1 | ||
| 999 | |a From the UDN01 | ||
| AVA | |a UDN50 |b LSP |d 551.45 NG-L |e available |t Error 5001 Not defined in file expand_doc_bib_avail. |f 1 |g 0 |h N |i 0 |k 1 | ||
| TYP | |a Monograph | ||
| TYP | |a Printed language | ||
| 980 | |a Mạng thư viện Đại học Đà Nẵng | ||